Länder die an Deutschland grenzen und deren Nachbarn - Statistiken

Allgemein
  • Dieses Quiz wurde 108 mal gespielt
  • Das Durchschnittsergebnis liegt bei 22 aus 24
Antwortstatistiken
Bildquiz Antwort % Korrekt
Frankreich
100%
Spanien
99%
Belgien
98%
Italien
98%
Niederlande
98%
Luxemburg
97%
Schweiz
97%
Österreich
95%
Ukraine
95%
Brasilien
92%
Dänemark
92%
Polen
92%
Tschechien
92%
Slowenien
91%
Slowakei
90%
Lettland
88%
Russland
88%
Belarus
85%
Ungarn
85%
Liechtenstein
84%
Andorra
83%
Monaco
82%
Litauen
78%
Suriname
58%
Keine übereinstimmenden Quizze gefunden
Verteilung der Resultate
Anzahl Personen mit jedem Resultat
Perzentil nach korrekt beantworteten Fragen
Ihre Resultats-Entwicklung
Sie haben dieses Quiz noch nicht gespielt